000 00727nab a22002297a 4500
001 11313
003 HDC
007 cr bn ---aaaaa
008 210128c20140730my ||||o |||| 00| 00eng d
040 _aHDC
245 0 _aMalaysia Seeks Medical Tourism Crown As Indonesians Fly Over For Care
336 _atext
_2rdacontent
337 _acomputer
_2rdamedia
338 _aonline resource
_2rdacarrier
650 _aMedical
_91646
650 _aTourism
_9880
710 _aMy medic news.com
856 _zRequest full-text at [email protected]
942 _2lcc
942 _cNEWS
942 _kNWSO 001549
999 _c8636
_d8636